Statistics for countries that border DRC

Click here to take the quiz!

General Stats

  • This quiz has been taken 9 times
  • The average score is 6 of 8

Answer Stats

HintAnswer% Correct
.republic of the congo
100%
.uganda
100%
.rwanda
88%
.south sudan
88%
.angola
75%
.zambia
75%
.burundi
63%
.central african republic
50%

Score Distribution

Percentile by Number Answered

Percent of People with Each Score

Your Score History

You have not taken this quiz